000 01027nam0a2200337 i 4500
001 RU\NLR\BIBL_A\010527994
005 20240725011158.0
010 _a9785227053084
_93000
021 _aRU
_b2014-66285
_94048
035 _a(NILC)RuMoRGB-007546268
035 _a(NLR Aleph) 010527994
090 _a10244401
_c10244401
100 _a20141112d2014 um y0rusy50 ca
101 0 _arus
102 _aRU
105 _ay|||z|||000ay
200 1 _aУнесенные магией
_eроман
_fАлексей Замковой
210 _aМосква
_cЦентрполиграф
_d2014
215 _a316, [1] с.
_d21
225 1 _aНаши там
320 _aДр. кн. авт.: с. 2
333 _a16+
686 2 _aШ6(2=Р)8-445
700 1 _aЗамковой
_bА. В.
_gАлексей Владимирович
801 0 _aRU
_bРГБ
_c20140903
_gRCR
801 1 _aRU
_bРГБ
_c20140903
_2rusmarc
942 _cBOOK
980 _aNBR